[Event "AUT-ch Vor4 Internet"]
[Site "Playchess.com INT"]
[Date "2020.04.25"]
[Round "5"]
[White "Mayrhuber, Nikola"]
[Black "Sulzbacher, Michael"]
[Result "0-1"]
[WhiteElo "2025"]
[BlackElo "2018"]
[PlyCount "120"]
[EventDate "2020.04.25"]
[EventType "swiss (blitz)"]
[EventRounds "9"]
[EventCountry "AUT"]
[SourceTitle "EXT 2021"]
[Source "ChessBase"]
[SourceDate "2020.10.23"]
[SourceVersion "1"]
[SourceVersionDate "2020.10.23"]
[SourceQuality "1"]

1. d4 d6 2. c4 g6 3. Nf3 Bg7 4. Nc3 Nc6 5. e4 Bg4 6. Be3 Bxf3 7. gxf3 e5 8. d5 Nd4 9. Bxd4 exd4 10. Nb5 c5 11. dxc6 bxc6 12. Nxd4 Qa5+ 13. Ke2 Qc5 14. Nb3 Qxc4+ 15. Ke3 Qe6 16. Qc2 Ne7 17. Re1 0-0 18. Kd2 Bh6+ 19. Kd1 Rfd8 20. Nd4 Qxa2 21. Bc4 Qa5 22. h4 d5 23. Nb3 Qb6 24. Bd3 Bg7 25. h5 dxe4 26. fxe4 h6 27. hxg6 Nxg6 28. Kc1 Nf4 29. Bc4 Rab8 30. f3 a5 31. Rh4 a4 32. Rxf4 axb3 33. Bxf7+ Kh8 34. Qg2 Qd4 35. Rg1 Qxb2+ 36. Qxb2 Bxb2+ 37. Kxb2 Rd2+ 38. Kc3 Rc2+ 39. Kd3 Rd8+ 40. Ke3 Rc3+ 41. Kf2 b2 42. Rb1 Rd2+ 43. Kg3 Rc1 44. Rxb2 Rxb2 45. Kg4 Rg1+ 46. Kf5 Rg7 47. Bg6 Rb8 48. Bh5 Rf8+ 49. Ke5 Re7+ 50. Kd6 Rxf4 51. Kxe7 Kg7 52. Kd6 Rf6+ 53. Kc5 Rf8 54. Kxc6 Kf6 55. Kd5 Kg5 56. Bg4 h5 57. Bf5 Kf4 58. Bg6 h4 59. Bh5 h3 60. Bg4 h2 0-1

[Event "AUT-ch Vor2 Internet"]
[Site "Playchess.com INT"]
[Date "2020.04.13"]
[Round "8"]
[White "Mittelberger, Peter"]
[Black "Sulzbacher, Michael"]
[Result "0-1"]
[WhiteElo "2176"]
[BlackElo "2018"]
[PlyCount "98"]
[EventDate "2020.04.13"]
[EventType "swiss (blitz)"]
[EventRounds "9"]
[EventCountry "AUT"]
[SourceTitle "CBM 195 Extra"]
[Source "ChessBase"]
[SourceDate "2020.05.31"]
[SourceVersion "1"]
[SourceVersionDate "2020.05.31"]
[SourceQuality "1"]

1. c4 g6 2. Nc3 Bg7 3. g3 d6 4. Bg2 e5 5. e3 Ne7 6. Nge2 0-0 7. 0-0 h6 8. b4 Kh7 9. b5 Nd7 10. a4 f5 11. d3 Nc5 12. d4 exd4 13. exd4 Ne6 14. f4 Ng8 15. Ba3 Re8 16. c5 dxc5 17. dxc5 Nd4 18. Ra2 Nxe2+ 19. Nxe2 Be6 20. Rd2 Qc8 21. Qc2 c6 22. bxc6 bxc6 23. Nd4 Bd5 24. Bxd5 cxd5 25. c6 Re4 26. c7 Bxd4+ 27. Kg2 Bb6 28. Rc1 Ne7 29. Bxe7 Rxe7 30. Qb3 Rxc7 31. Rxc7+ Qxc7 32. Qxd5 Rg8 33. Qe6 Rg7 34. Kh3 Qf7 35. Qc8 g5 36. fxg5 hxg5 37. Kg2 Qb7+ 38. Qxb7 Rxb7 39. Rd5 Rf7 40. a5 Be3 41. a6 Kg6 42. Rd3 f4 43. gxf4 gxf4 44. Kf3 Rf6 45. Ra3 Kg5 46. Ra5+ Rf5 47. Ra2 Kh4 48. Ra4 Kh3 49. Ra2 Rd5 0-1

[Event "AUT-ch Vor2 Internet"]
[Site "Playchess.com INT"]
[Date "2020.04.13"]
[Round "9"]
[White "Sulzbacher, Michael"]
[Black "Gelbenegger, Patrick"]
[Result "0-1"]
[WhiteElo "2018"]
[BlackElo "2240"]
[PlyCount "112"]
[EventDate "2020.04.13"]
[EventType "swiss (blitz)"]
[EventRounds "9"]
[EventCountry "AUT"]
[SourceTitle "CBM 195 Extra"]
[Source "ChessBase"]
[SourceDate "2020.05.31"]
[SourceVersion "1"]
[SourceVersionDate "2020.05.31"]
[SourceQuality "1"]

1. b3 Nf6 2. Bb2 g6 3. f4 Bg7 4. Nf3 0-0 5. e3 d5 6. Be2 c5 7. 0-0 Nc6 8. Bb5 Bg4 9. Bxc6 bxc6 10. d3 Qb6 11. Nbd2 c4 12. Bd4 c5 13. Be5 cxd3 14. cxd3 Nd7 15. Bxg7 Kxg7 16. h3 Bf5 17. Qe2 Nf6 18. g4 Bd7 19. Ne5 Bb5 20. a4 Bc6 21. Rac1 Nd7 22. Nxd7 Bxd7 23. Rc2 Rac8 24. Rfc1 Rh8 25. Kg2 h5 26. g5 e5 27. Qf3 e4 28. dxe4 dxe4 29. Qe2 Qe6 30. Rh1 Qd5 31. Qc4 Qf5 32. Nf1 h4 33. Qc3+ Kh7 34. Kf2 Rhd8 35. Nd2 Be6 36. Rh2 Rd3 37. Qe5 Qxe5 38. fxe5 Bxb3 39. Rb2 Bd5 40. Rh1 c4 41. Rc2 c3 42. Nb1 Bb3 43. Re2 c2 44. Nd2 c1Q 45. Rxc1 Rxc1 46. Nxe4 Rc2 47. Nf6+ Kg7 48. Ne8+ Kf8 49. Nd6 Rxe2+ 50. Kxe2 Rd5 51. Nb5 Bc4+ 52. Kf3 Bxb5 53. axb5 Rxe5 54. e4 Rxb5 55. Kg4 Rb4 56. Kxh4 Rxe4+ 0-1

[Event "Steyr Landesliga 1314"]
[Site "Austria"]
[Date "2014.03.29"]
[Round "10.6"]
[White "Weilharter, Thomas"]
[Black "Sulzbacher, Michael"]
[Result "1-0"]
[WhiteElo "1867"]
[BlackElo "2044"]
[PlyCount "113"]
[EventDate "2013.09.28"]
[EventType "team-tourn"]
[EventRounds "11"]
[EventCountry "AUT"]
[SourceTitle "EXT 2015"]
[Source "ChessBase"]
[SourceDate "2014.11.20"]
[SourceVersion "1"]
[SourceVersionDate "2014.11.20"]
[SourceQuality "1"]
[WhiteTeam "Trofaiach Niklasdorf"]
[BlackTeam "Kapfenberg/Norske/Bruck"]
[WhiteTeamCountry "AUT"]
[BlackTeamCountry "AUT"]

1. d4 g6 2. c4 d6 3. Nc3 Bg7 4. e4 Nc6 5. Be3 Nh6 6. h3 f5 7. Qd2 Nf7 8. d5 Nb8 9. Nf3 e5 10. dxe6 Bxe6 11. Nd4 Bd7 12. exf5 gxf5 13. Be2 Nc6 14. 0-0 0-0 15. Rad1 Kh8 16. Nd5 Rc8 17. b3 a6 18. f4 Nh6 19. Bf3 Ng8 20. Rfe1 Nf6 21. Nxf6 Bxf6 22. Bf2 Nxd4 23. Bxd4 Rb8 24. Re2 Kg7 25. Rde1 Kg6 26. Bxf6 Qxf6 27. Re7 Rf7 28. Qe2 Rxe7 29. Qxe7 Qxe7 30. Rxe7 Be8 31. Rxc7 b5 32. c5 dxc5 33. Rxc5 Kf6 34. Rd5 Rb6 35. Kf2 Rc6 36. Rd2 Rb6 37. g4 h6 38. Kg3 b4 39. Rd5 Bg6 40. Rc5 fxg4 41. hxg4 Bb1 42. Ra5 Bd3 43. Bd5 Kg7 44. Kf3 Bb5 45. Bc4 Bxc4 46. bxc4 Rc6 47. c5 Kf6 48. Ke4 Ke6 49. Kd4 Kd7 50. f5 h5 51. gxh5 Rh6 52. Ke5 Rxh5 53. Rxa6 Rh2 54. c6+ Kc7 55. f6 Rh3 56. f7 Rf3 57. Ra8 1-0

[Event "Karl Wagner Memorial-B 5th"]
[Site "Graz"]
[Date "1998.??.??"]
[Round "1"]
[White "Sulzbacher, Michael"]
[Black "Burger, Anton"]
[Result "1-0"]
[WhiteElo "1960"]
[BlackElo "1745"]
[PlyCount "47"]
[EventDate "1998.09.??"]
[EventType "swiss"]
[EventRounds "6"]
[EventCountry "AUT"]
[SourceTitle "EXT 2003"]
[Source "ChessBase"]
[SourceDate "2002.11.25"]
[SourceVersion "1"]
[SourceVersionDate "2002.11.25"]
[SourceQuality "1"]

1. Nc3 Nf6 2. f4 d5 3. e3 g6 4. Nf3 Bg7 5. d4 Bg4 6. h3 Bxf3 7. Qxf3 e6 8. Bd3 Nbd7 9. 0-0 a6 10. b3 c5 11. Ne2 0-0 12. a4 cxd4 13. exd4 Qc7 14. Bd2 a5 15. Rab1 Nb6 16. Nc3 Nc8 17. Nb5 Qb6 18. c4 Qd8 19. c5 Ne7 20. Nd6 Qc7 21. Be3 Nc6 22. Rfc1 Nd7 23. Kh1 Nxd4 24. Bxd4 1-0